000 00751nam a2200193Ia 4500
003 LDD
008 190117s9999 xx 000 0 und d
020 _a9788126724086
_c₹250
040 _cLDD
041 _ahi
082 _a8H1.71 वा2652क
100 _aवाजपेयी, अशोक
245 0 _aकहीं कोई दरवाज़ा
_cअशोक वाजपेयी
260 _aई दिल्ली |
_bाजकमल प्रकाशन 2
_c2013
300 _a107
901 _aAJ
904 _aReqst by : J. M. Parakh
942 _2ddc
_cH
999 _c169794
_d169794